(Khmer) The plague of the queen of Egypt / (Record no. 48859)
| 000 -LEADER | |
|---|---|
| fixed length control field | 00342nam a2200109 4500 |
| 245 ## - TITLE STATEMENT | |
| Title | (Khmer) The plague of the queen of Egypt / |
| Statement of responsibility, etc | Jean- Marie Defossez. |
| 260 ## - PUBLICATION, DISTRIBUTION, ETC. (IMPRINT) | |
| Place of publication, distribution, etc | Cambodia: |
| Name of publisher, distributor, etc | Sipar; |
| Date of publication, distribution, etc | 2021. |
| 300 ## - PHYSICAL DESCRIPTION | |
| Extent | 44 p. |
| Other physical details | col. ill. |
| Dimensions | 24 cm. |
| 490 ## - SERIES STATEMENT | |
| Series statement | I want to read; |
| 700 ## - ADDED ENTRY--PERSONAL NAME | |
| Relator code | illustrator. |
| Personal name | Bruno Pilorget. |
| 9 (RLIN) | 86253 |
| 942 ## - ADDED ENTRY ELEMENTS (KOHA) | |
| Source of classification or shelving scheme | |
| Koha item type | Khmer Fic Books |
| Withdrawn status | Lost status | Source of classification or shelving scheme | Damaged status | Not for loan | Collection code | Home library | Current library | Shelving location | Date acquired | Total Checkouts | Full call number | Barcode | Date last seen | Date checked out | Price effective from | Koha item type | Checked out |
|---|---|---|---|---|---|---|---|---|---|---|---|---|---|---|---|---|---|
| Siem Riep | Asian Hope Secondary Library | Asian Hope Secondary Library | SECONDARY | 04/23/2025 | 11 | KHMER J FIC DEF | 208354 | 04/07/2026 | 03/31/2026 | 04/23/2025 | Khmer Fic Books | ||||||
| Siem Riep | Asian Hope Secondary Library | Asian Hope Secondary Library | 01/12/2026 | 2 | KHMER J FIC DEF | 210143 | 04/28/2026 | 04/28/2026 | 01/12/2026 | Khmer Fic Books | 05/05/2026 |